| 000 | 00507nam a22001697a 4500 | ||
|---|---|---|---|
| 999 |
_c8740 _d8740 |
||
| 003 | OSt | ||
| 008 | 200709b ||||| |||| 00| 0 eng d | ||
| 020 | _a9789387686823 | ||
| 082 | _a610.28 BAP | ||
| 100 | _aBakliwal,Sunil. R, Bhushan Rane R. and Ashish S. Jain | ||
| 245 | _aPharmaceutical Engineering | ||
| 250 | _a2018 | ||
| 260 |
_aN Delhi _b Nirali Prakashan _c2018 |
||
| 300 | _aB1 | ||
| 650 | _aPharmaceutics- Drug Delivery Systems,Pharmaceutical Engineering regulraty Science | ||
| 942 |
_2ddc _cBK _035 |
||